000 00583nam a22001697a 4500
003 BUBTL
008 190109b xxu||||| |||| 00| 0 eng d
082 _a344.5492052/ 1997
110 _92121
_aGovernment of The People's Republic of Bangladesh
245 _aPolice Regulations Bengal, 1943 (Volume-1):
_cGovernment of The People's Republic of Bangladesh
260 _aDhaka :
_bGovernment of The People's Republic Of Bangladesh,
_cc1997
300 _avi,1290 p. :
_c21 cm.
650 0 _92122
_aLaw
856 _k0
_l0
_yDownload
942 _2ddc
_cBK
999 _c5861
_d5861